Σχέσεις Σχολείου - Οικογένειας / Τα Δικαιώματα Εκπαιδευτικών, Γονέων, Μαθητών (Record no. 2043)
[ view plain ]
| 000 -LEADER | |
|---|---|
| fixed length control field | 02913cam a22001934a 4500 |
| 005 - ΗΜΕΡΟΜΗΝΙΑ ΚΑΙ ΩΡΑ ΤΕΛΕΥΤΑΙΑΣ ΕΝΗΜΕΡΩΣΗΣ | |
| Πεδίο ελέγχου | 20250605164029.0 |
| 008 - FIXED-LENGTH DATA ELEMENTS--GENERAL INFORMATION | |
| Πεδίο ελέγχου σταθερού μήκους | 250528s ||||||||||||||||||||||||d |
| 035 ## - SYSTEM CONTROL NUMBER | |
| System control number | 16551 |
| 040 ## - ΠΗΓΗ ΚΑΤΑΛΟΓΟΓΡΑΦΗΣΗΣ | |
| Φορέας πρωτότυπης καταλογογράφησης | MC Athens Campus Library |
| Γλώσσα καταλογογράφησης | Ελληνικά, Μοντέρνα (1453-) |
| Modifying agency | MC Athens Campus Library |
| Κανόνες περιγραφικής καταλογογράφησης | AACR2 |
| 245 1# - ΤΙΤΛΟΣ ΚΑΙ ΔΗΛΩΣΗ ΥΠΕΥΘΥΝΟΤΗΤΑΣ | |
| Τίτλος | Σχέσεις Σχολείου - Οικογένειας / Τα Δικαιώματα Εκπαιδευτικών, Γονέων, Μαθητών |
| 250 ## - EDITION STATEMENT | |
| Edition statement | 1η |
| 260 ## - PUBLICATION, DISTRIBUTION, ETC. | |
| Name of publisher, distributor, etc. | Επικαιρότητα, |
| Date of publication, distribution, etc. | 1984 |
| 300 ## - PHYSICAL DESCRIPTION | |
| Extent | 128 |
| 520 ## - SUMMARY, ETC. | |
| Summary, etc. | Το βιβλίο παρουσιάζει όλα τα στοιχεία που αναφέρονται στο νομικό πλέγμα των σχέσεων σχολείου - οικογένειας, αλλά και τα στοιχεία εκείνα που μορφώνουν τη δυναμική που η παρέμβαση των συνδικαλιστικών φορέων των εκπαιδευτικών και των γονέων αλλά και των ίδιων μαθητών δημιουργεί. Σημείωμα, Σχέσεις Σχολείου - Οικογένειας, Σχολείο - Οικογένεια και ''Μηχανισμοι Κοινωνικοποίησης, Η Ευθύνη για τη Μόρφωση του Παιδιού, Η Αποστολή του Κράτους και οι Τύποι Σχολείων και Ροή Μαθητών, Παράγοντες Επηρεασμού της Εκπαιδευτικής Πολιτικής, Σχέσεις Διοίκησης - Εκπαιδευτικών και Καθήκοντα και Αρμοδιότητες, Οι Σχολικοί Σύμβουλοι, Υποχρεώσεις - Δικαιώματα Μαθητών, Μαθητικές Κοινότητες, Μαθητικές Κινητοποιήσεις, Πολιτικά Κόμματα και Μαθητές και Σχολείο, Οι Γονεις: Δικαιώματα και Υποχεώσεις, Σύλλογοι Γονέων: Ρόλος και Δραστηριότητα, Οργανώσεις Εκπαιδευτικών, Άλλες Εθνικές Πρωτοβουλίες, Επίλογος, Σημειώσεις - Παραπομπές, Επιλογή Βιβλιογραφίας, Προβλήματα Παιδείας, Περιεχόμενο και Παιδευτική Διαδικασία, Εκπαίδευση και Παραγωγή, Προσπάθεια Σύνδεσης Σχολείου - Κοινωνίας, Τα Προνόμια της Καθηγητικής Έδρας, Το Τελευταίο Χαρτί του Καθηγητικού Κατεστημένου, Ο Καθηγητής - Φεουδάρχης Χάνει τη Μάχη, Μπροστά στις Ευθύνες τους, Τα Νέα Τεχνολογικά Ιδρύματα, Οι Κινητοποιήσεις των Μαθητών. |
| 700 1# - ΠΡΟΣΘΕΤΗ ΑΝΑΓΡΑΦΗ--ΦΥΣΙΚΟ ΠΡΟΣΩΠΟ | |
| Personal name | Παπαζόγλου Μήνα |
| 9 (RLIN) | 2650 |
| 942 ## - ADDED ENTRY ELEMENTS (KOHA) | |
| Koha item type | Books |
| Τύπος τεκμηρίου | Βιβλιοθήκη | Τρέχουσα τοποθεσία | Barcode | Αριθμός εισαγωγής | Ημερομηνία απόκτησης | Ταξιθετικό σύμβολο | Αριθμός αντιτύπου | Κατάσταση απόσυρσης | Κατάσταση χαμένου | Κατάσταση κατεστραμμένου | Μη δανεισμός | Σύνολο δανεισμών | Ημερομηνία τελευταίας εμφάνισης | Η τιμή ισχύει από |
|---|---|---|---|---|---|---|---|---|---|---|---|---|---|---|
| Books | MC Athens Campus Library | MC Athens Campus Library | 9780000020420 | 4255 | 05/06/2025 | 370.193 PAP | 1 | 05/06/2025 | 05/06/2025 |